000 00474nmm a2200169Ia 4500
008 251105s9999||||xx |||||||||||||||||und||
020 _a9788433963673
041 _aspa
100 _aAmara, Luigi
245 0 _aHistoria descabellada de la peluca
264 _a[Madrid, España] :
_bEditorial Anagrama,
_c2014
300 _a232 páginas
490 _aArgumentos
650 _aHistory (General)
856 _uhttps://public.digitaliapublishing.com/a/32373
942 _cCF
999 _c81809
_d81809